U.S. States by State Fish - Statistics

General Stats
  • This quiz has been taken 60 times
  • The average score is 27 of 62
Answers on the Map
Answers color-coded by a green-red scale on the quiz's map according to % correct below.
 
Answer Stats
State Fish % Correct
Georgia (fresh water) Largemouth bass
80%
Georgia (salt-water fish) Red Drum
80%
Georgia (cold water game fish) Southern Appalachian Brook Trout
80%
North Carolina (saltwater) Channel Bass
72%
North Carolina (freshwater trout) Southern Appalachian Brook Trout
72%
Florida (salt water) Atlantic Sailfish
70%
Alabama (salt water) Fighting Tarpon
70%
Florida (fresh water) Florida Largemouth Bass
70%
Alabama (fresh water) Largemouth Bass
70%
Mississippi Largemouth Bass
70%
Washington Steelhead Trout
65%
Vermont (cold water) Brook Trout
59%
Vermont (warm water) Walleye
59%
Tennessee (sport fish) Smallmouth Bass
57%
New Hampshire (freshwater) Brook Trout
54%
New Jersey (freshwater) Brook Trout
54%
New York (freshwater) Brook Trout
54%
Virginia (fresh water) Brook Trout
54%
New Hampshire (salt water game fish) Striped Bass
54%
New Jersey (salt water game fish) Striped Bass
54%
New York (marine/saltwater) Striped Bass
54%
Virginia (salt water) Striped Bass
54%
Illinois Bluegill
50%
Oregon Chinook Salmon
50%
Alaska King Salmon
50%
North Dakota Northern Pike
50%
Michigan Brook Trout
48%
Pennsylvania Brook Trout
48%
West Virginia Brook Trout
48%
Massachusetts Cod
48%
Texas (freshwater) Guadalupe Bass
48%
Texas (saltwater) Red Drum
48%
Missouri (fish) Channel Catfish
43%
Missouri (aquatic animal) Paddlefish
43%
Kansas Channel Catfish
41%
Nebraska Channel Catfish
41%
Tennessee (state commercial fish) Channel Catfish
41%
Maryland Rockfish
41%
Rhode Island Striped Bass
41%
South Carolina Striped Bass
41%
Minnesota Walleye
41%
South Dakota Walleye
41%
Wisconsin Muskellunge
33%
Montana Blackspotted Cutthroat Trout
28%
Utah Bonneville Cutthroat Trout
28%
Idaho Cutthroat Trout
26%
Wyoming Cutthroat Trout
26%
Colorado Greenback Cutthroat Trout
26%
Nevada Lahontan Cutthroat Trout
26%
New Mexico Rio Grande Cutthroat Trout
26%
Arkansas Alligator Gar
22%
California (salt water) Garibaldi
22%
California (fresh water) Golden Trout
22%
Louisiana (salt water) Spotted Sea Trout
20%
Louisiana (fresh water) White Crappie
20%
Arizona Apache Trout
17%
Kentucky Kentucky Spotted Bass
17%
Hawaii Humuhumunukunukuāpuaʻa
15%
Maine Landlocked Atlantic Salmon
15%
Oklahoma White Bass
15%
Connecticut American Shad
13%
Delaware Weakfish
11%
No matching quizzes found
Score Distribution
Percent of People with Each Score
Percentile by Number Answered
Your Score History
You have not taken this quiz